Deslizamiento de San Blas actualización de información, análisis de estabilidad y soluciones
में बचाया:
| मुख्य लेखक: | |
|---|---|
| अन्य लेखक: | |
| स्वरूप: | पुस्तक |
| प्रकाशित: |
San José, Costa Rica
1996
|
| विषय: | |
| टैग: |
टैग जोड़ें
कोई टैग नहीं, इस रिकॉर्ड को टैग करने वाले पहले व्यक्ति बनें!
|
MARC
| LEADER | 00000nam a2200000Ia 4500 | ||
|---|---|---|---|
| 003 | 008025 | ||
| 005 | 20240821140216.0 | ||
| 008 | 140114s1996 cr a m 000 ||s d | ||
| 040 | |c cru CEDI | ||
| 090 | |a TFG 3526 | ||
| 100 | |a Azofeifa Ramírez, Alejandro José, 1972- |9 3579 | ||
| 245 | |a Deslizamiento de San Blas actualización de información, análisis de estabilidad y soluciones | ||
| 260 | |a San José, Costa Rica |c 1996 | ||
| 300 | |a iii, [216] hojas : ilustraciones (algunas a color, plegables) | ||
| 500 | |a Trabajo de graduación (licenciatura en ingeniería civil)--Universidad de Costa Rica. Facultad de Ingeniería. Escuela de Ingeniería Civil | ||
| 501 | |a Director de Trabajo de Graduación: Ing. Gastón Laporte Molina, M.Sc. | ||
| 650 | |x DESPRENDIMIENTOS DE TIERRAS - SAN BLAS (CARTAGO, COSTA RICA) |9 9783 | ||
| 700 | |a Gastón Laporte Molina, 1947- |d Director del TFG |9 2060 | ||
| 942 | |c TFG |h TFG 3526 |i 008025 |6 TFG_3526_008025000000000 | ||
| 999 | |c 18962 |d 18962 | ||
